000
00199nam a2200097Ia 4500
008
240331s9999 xx 000 0 und d
082
_b
ART
100
_a
Thirumarei. ed
245
0
_a
Aatukai
942
_c
L
999
_c
3724
_d
3724